LEADER 01462nam 2200337 n 450 001 996387637203316 005 20221108072726.0 035 $a(CKB)1000000000630950 035 $a(EEBO)2240901391 035 $a(UnM)99844087 035 $a(EXLCZ)991000000000630950 100 $a19910812d1633 uy | 101 0 $aeng 135 $aurbn||||a|bb| 200 02$aA treatise of the divine promises$b[electronic resource] $eIn five bookes. In the first, a generall description of their nature, kinds, excellencie, right use, properties, and the persons to whom they belong. In the foure last, a declaration of the Covenant it selfe, the bundle and body of all the promises, and the speciall promises likewise, which concerne a mans selfe, or others, both temporall, spirituall, and eternall. By Edvvard Legh, Master of Arts of Magdalen Hall in Oxford 210 $aLondon $cPrinted by George Miller, dwelling in Blacke Friers$dMDCXXXIII. [1633] 215 $a[16], 120, [6], 121-260, [6] p 300 $aIncludes index. 300 $aReproduction of the original in the British Library. 330 $aeebo-0018 606 $aGod$xPromises$vEarly works to 1800 615 0$aGod$xPromises 700 $aLeigh$b Edward$f1602-1671.$0792090 801 0$bCu-RivES 801 1$bCu-RivES 801 2$bCStRLIN 801 2$bWaOLN 906 $aBOOK 912 $a996387637203316 996 $aA treatise of the divine promises$92321280 997 $aUNISA